000 00328nam a2200145Ia 4500
008 230718s9999 xx 000 0 und d
041 _aEng.
082 _a423
_bDIX-L
100 _aDixon, Engelman
245 0 _aListen to the Music
260 _aPakistan
_bMc Graw Hill
_c2004
300 _a218
650 _aLaw
999 _c26154
_d26154